The Child and family facing life-threatening illness : (Record no. 7030)
[ view plain ]
| 000 -LEADER | |
|---|---|
| fixed length control field | 01333pam a2200385 a 4500 |
| 001 - CONTROL NUMBER | |
| JCCL Control Number | 7030 |
| 003 - CONTROL NUMBER IDENTIFIER | |
| JCCL marc code | BD-JhCC |
| 005 - DATE AND TIME OF LATEST TRANSACTION | |
| control field | 20180417090242.0 |
| 008 - FIXED-LENGTH DATA ELEMENTS--GENERAL INFORMATION | |
| fixed length control field | 860725s1987 paua b 001 0 eng c |
| 020 ## - INTERNATIONAL STANDARD BOOK NUMBER | |
| International Standard Book Number | 0397546343 (pbk.) |
| 035 ## - SYSTEM CONTROL NUMBER | |
| system control number | (BD-JhCC)7030 |
| 040 ## - CATALOGING SOURCE | |
| Original cataloging agency | DNLM/DLC |
| Transcribing agency | DLC |
| Modifying agency | DLC |
| 041 ## - LANGUAGE CODE | |
| Language code of Book | eng |
| 050 00 - LIBRARY OF CONGRESS CALL NUMBER | |
| Classification number | RJ249 |
| Item number | .C485 1987 |
| 060 ## - NATIONAL LIBRARY OF MEDICINE CALL NUMBER | |
| Classification number | WS 105.5.A8 C53615 |
| 082 00 - DEWEY DECIMAL CLASSIFICATION NUMBER | |
| Classification number | 155.9/37 |
| DDC Edition number | 19 |
| Author mark and Year | CHI 1987 |
| 245 04 - TITLE STATEMENT | |
| Title | The Child and family facing life-threatening illness : |
| Remainder of title | a tribute to Eugenia Waechter / |
| Statement of responsibility, etc | edited by Tamar Krulik, Bonnie Holaday, Ida M. Martinson ; with contributors ; foreword by Margretta Styles. |
| 260 ## - PUBLICATION, DISTRIBUTION, ETC. (IMPRINT) | |
| Place of publication, distribution, etc | Philadelphia : |
| Name of publisher, distributor, etc | Lippincott, |
| Date of publication, distribution, etc | c1987. |
| 300 ## - PHYSICAL DESCRIPTION | |
| Pagination | xiii, 396 p. : |
| Other physical details | ill. ; |
| Dimensions | 24 cm. |
| 504 ## - BIBLIOGRAPHY, ETC. NOTE | |
| Bibliography, etc | Includes bibliographies and index. |
| 650 #0 - SUBJECT ADDED ENTRY--TOPICAL TERM | |
| Topical term or geographic name as entry element | Terminally ill children |
| General subdivision | Psychology. |
| 650 #0 - SUBJECT ADDED ENTRY--TOPICAL TERM | |
| Topical term or geographic name as entry element | Children and death. |
| 650 #0 - SUBJECT ADDED ENTRY--TOPICAL TERM | |
| Topical term or geographic name as entry element | Death |
| General subdivision | Psychological aspects. |
| 650 #0 - SUBJECT ADDED ENTRY--TOPICAL TERM | |
| Topical term or geographic name as entry element | Terminally ill children |
| General subdivision | Family relationships. |
| 650 #2 - SUBJECT ADDED ENTRY--TOPICAL TERM | |
| Topical term or geographic name as entry element | Attitude to Death. |
| 650 #2 - SUBJECT ADDED ENTRY--TOPICAL TERM | |
| Topical term or geographic name as entry element | Death |
| General subdivision | in infancy & childhood. |
| 650 #2 - SUBJECT ADDED ENTRY--TOPICAL TERM | |
| Topical term or geographic name as entry element | Terminal Care |
| General subdivision | in infancy & childhood. |
| 650 #2 - SUBJECT ADDED ENTRY--TOPICAL TERM | |
| Topical term or geographic name as entry element | Terminal Care |
| General subdivision | psychology. |
| 700 1# - ADDED ENTRY--PERSONAL NAME | |
| Personal name | Waechter, Eugenia H. |
| 700 1# - ADDED ENTRY--PERSONAL NAME | |
| Personal name | Krulik, Tamar. |
| 700 1# - ADDED ENTRY--PERSONAL NAME | |
| Personal name | Holaday, Bonnie. |
| 700 1# - ADDED ENTRY--PERSONAL NAME | |
| Personal name | Martinson, Ida Marie, |
| Dates associated with a name | 1936- |
| 942 ## - ADDED ENTRY ELEMENTS (KOHA) | |
| Source of classification or shelving scheme | Dewey Decimal Classification |
| Koha item type | Books |
| Source of classification or shelving scheme | Damaged status | Not for loan | Home library | Current library | Shelving location | Date of accession | Total Checkouts | Full call number | Barcode | Date last seen | Copy number | Koha item type |
|---|---|---|---|---|---|---|---|---|---|---|---|---|
| Dewey Decimal Classification | JCC Rouf Library | JCC Rouf Library | General Stacks | 02/04/2018 | 155.9/37 CHI 1987 | 8653 | 02/04/2018 | C - 1 | Books |